| 000 | 01077nam a22002777a 4500 | ||
|---|---|---|---|
| 003 | 0 | ||
| 005 | 20180713171706.0 | ||
| 008 | 0 | ||
| 010 | _aA-830043 | ||
| 020 | _c100.00 | ||
| 035 | _aA-830043,A-830055 | ||
| 037 | _bCen Lib/Ret | ||
| 040 |
_aDPL _bHN _c0 |
||
| 082 |
_aउ _bथम्मन |
||
| 100 |
_aथम्मन सिंह "सरस' _951202 |
||
| 245 |
_aमहामिलन : _cथम्मन सिंह 'सरस' _bउपन्यास / |
||
| 246 |
_aMahamillan : upanyas / _bby Thamman Singh 'Saras' |
||
| 260 |
_aदिल्ली _bराजभाषा प्रकाशन _c1997 |
||
| 270 |
_bदिल्ली _a518/6बी, विश्वासनगर, शाहदरा _e110032 |
||
| 300 |
_a143पृ. _c20मी(सजिल्द) |
||
| 650 |
_aहिन्दी साहित्य _957153 |
||
| 650 |
_aहिन्दी साहित्य -- उपन्यास _946379 |
||
| 650 |
_aHindi literature _957154 |
||
| 650 |
_aHindi literature -- Fiction _957155 |
||
| 942 |
_2ddc _cHN _hउ _mथम्मन |
||
| 999 |
_c114522 _d114522 |
||